Países Modernos de la Francia Napoleónica en un Mapa - Estadísticas

Estadísticas generales
  • Esta prueba ha sido intentada 149 veces
  • La puntuación promedio es 13 de 14
Respuestas en el mapa
Las respuestas están codificadas por una escala verde-roja en el mapa de la prueba según el % correcto abajo.
 
Estadísticas de respuestas
Países % Correcto
Francia
100%
Alemania
99%
Bélgica
98%
Croacia
98%
España
98%
Italia
98%
Mónaco
98%
Países Bajos
98%
Luxemburgo
97%
Austria
96%
Suiza
96%
Ciudad del Vaticano
94%
Eslovenia
93%
Montenegro
75%
No se encontraron pruebas coincidentes
Distribución de puntuación
Porcentaje de gente con cada puntuación
Porcentaje por número respondido
Historial de tus puntuaciones
No has intentado esta prueba.